000 00590nam a2200229Ia 4500
003 OSt
005 20220918231637.0
006 a|||||r|||| 00| 0
007 ta
008 220917b |||||||| |||| 00| 0 eng d
024 _a327,180
037 _cTextual
040 _aARTS
_cARTS
_beng
041 _2eng
_aeng
082 _aV2:1:K1, D8;L7
100 _aBriggs John Au.
_9155425
245 0 _aHistory of the raise of mahamedan power
260 _c1977
650 _aINDIA - HISTORY
942 _hV2:1:K1, D8;L7
_cTEXL
_2CC
999 _c291986
_d291986